Krajina polnočného slnka
Základné administratívno - geografické údaje Nórskeho kráľovstva. Doprava v Nórsku. Turistický ruch. Prehľad kultúrnych a historických pamiatok.
Salvato in:
| Autore principale: | |
|---|---|
| Natura: | Capitolo di libro |
| Lingua: | slovacco |
| Soggetti: | |
| Tags: |
Nessun Tag, puoi essere il primo ad aggiungerne!!
|
MARC
| LEADER | 00000naa$a2200000$$$4500 | ||
|---|---|---|---|
| 001 | 0003218 | ||
| 005 | 20230920090917.3 | ||
| 041 | 0 | |a slo | |
| 044 | |a SK | ||
| 245 | 1 | 0 | |a Krajina polnočného slnka |c aut. Alexander Sotník |
| 520 | |a Základné administratívno - geografické údaje Nórskeho kráľovstva. Doprava v Nórsku. Turistický ruch. Prehľad kultúrnych a historických pamiatok. | ||
| 610 | 2 | 0 | |a Nórsko |
| 610 | 2 | 0 | |a ruch cestovný |
| 610 | 2 | 0 | |a geografia |
| 610 | 2 | 0 | |a demografia |
| 610 | 2 | 0 | |a pamiatky |
| 610 | 2 | 0 | |a doprava námorná |
| 100 | 1 | |a Sotník, Alexander | |